000 00341nam a2200109Ia 4500
005 20251222143229.0
008 251222s9999||||xx |||||||||||||| ||spa||
082 _a362.298.5/C76L
245 0 _aI Estudio sobre Prevención y Consumo de Drogas en la Población General de Lima Metropolitana y el Callao - 2013
264 _bDevisa
942 _cLIB
999 _c14118
_d14118